ბათუმის შოთა რუსთაველის სახელმწიფო უნივერსიტეტის ბიბლიოთეკა

Ламбда-исчисление.Его синтаксис и семантика. (ბიბ.ჩანაწერი № 47996)

000 -LEADER
fixed length control field 00646nam a2200205Ia 4500
001 - CONTROL NUMBER
control field 14874
003 - CONTROL NUMBER IDENTIFIER
control field GE_BSU
008 - FIXED-LENGTH DATA ELEMENTS--GENERAL INFORMATION
fixed length control field 181216s||||||||xx |||||||||||||| ||und||
040 ## - CATALOGING SOURCE
Transcribing agency GE_BSU
080 ## - UNIVERSAL DECIMAL CLASSIFICATION NUMBER
Universal Decimal Classification number 510.6
100 ## - MAIN ENTRY--PERSONAL NAME
Personal name Барендретт, Х.
245 ## - TITLE STATEMENT
Title Ламбда-исчисление.Его синтаксис и семантика.
245 ## - TITLE STATEMENT
Statement of responsibility, etc. под. ред. А.С.Кузичева. пер.английского.
260 ## - PUBLICATION, DISTRIBUTION, ETC.
Place of publication, distribution, etc. Москва
260 ## - PUBLICATION, DISTRIBUTION, ETC.
Name of publisher, distributor, etc. Мир.
260 ## - PUBLICATION, DISTRIBUTION, ETC.
Date of publication, distribution, etc. 1985
300 ## - PHYSICAL DESCRIPTION
Extent 606 стр. 22см.
653 ## - INDEX TERM--UNCONTROLLED
Uncontrolled term Ламбда-исчисление.Его синтаксис и семантика.
942 ## - ADDED ENTRY ELEMENTS (KOHA)
Koha item type წიგნი
ეგზემპლარები
Withdrawn status Lost status Damaged status Not for loan Date acquired Barcode Date last seen Price effective from Koha item type
        2018-12-17 15302 2018-12-17 2018-12-17 წიგნი